[Event "DVM U16 2016"]
[Site "Neumarkt in der Oberpfalz GER"]
[Date "2016.12.27"]
[Round "1"]
[White "Kasüschke, Lars"]
[Black "Biastoch, Bennet"]
[Result "0-1"]
[Termination "normal"]
[Board "1.1"]
[WhiteElo "1900"]
[BlackElo "2115"]
[WhiteClock "00:01:01"]
[BlackClock "00:15:39"]
[WhiteTeam "SG Schwäbisch Gmünd"]
[BlackTeam "SG Aufbau Elbe Magdeburg"]
[PlyCount "123"]
[WhiteFideId "12939510"]
[BlackFideId "12939889"]
[EventCountry "GER"]
[EventRounds "7"]
[EventType "team-swiss"]
[EventDate "2016.12.26"]

1. e4 {[%clk 1:30:48]} c5 {[%clk 1:30:55]} 2. Nf3 {[%clk 1:31:05]} Nc6 {[%clk
1:31:17]} 3. d4 {[%clk 1:31:11]} cxd4 {[%clk 1:31:37]} 4. Nxd4 {[%clk 1:31:00]}
Qb6 {[%clk 1:31:47]} 5. Nb3 {[%clk 1:28:36]} Nf6 {[%clk 1:31:53]} 6. Nc3 {[%clk
1:27:12]} e6 {[%clk 1:31:56]} 7. Be3 {[%clk 1:25:59]} Qc7 {[%clk 1:31:59]} 8.
a3 {[%clk 1:22:59]} a6 {[%clk 1:30:41]} 9. Be2 {[%clk 1:19:58]} Be7 {[%clk
1:27:19]} 10. O-O {[%clk 1:18:57]} O-O {[%clk 1:26:59]} 11. f4 {[%clk 1:16:21]}
d6 {[%clk 1:25:40]} 12. Qd2 {[%clk 1:13:02]} b5 {[%clk 1:23:04]} 13. Bf3 {[%clk
1:12:15]} Bb7 {[%clk 1:20:25]} 14. Rad1 {[%clk 1:11:05]} Rad8 {[%clk 1:14:13]}
15. Qf2 {[%clk 1:07:36]} Nd7 {[%clk 1:11:43]} 16. Rd2 {[%clk 1:01:19]} Rc8
{[%clk 1:05:31]} 17. Rfd1 {[%clk 0:59:39]} Rfd8 {[%clk 1:03:27]} 18. Ne2 {[%clk
0:50:58]} Na5 {[%clk 0:37:22]} 19. Nxa5 {[%clk 0:48:25]} Qxa5 {[%clk 0:37:43]}
20. Nd4 {[%clk 0:46:03]} Qc7 {[%clk 0:24:55]} 21. Nb3 {[%clk 0:42:45]} Bf6
{[%clk 0:18:54]} 22. Rxd6 {[%clk 0:34:39]} Bxb2 {[%clk 0:18:45]} 23. Qd2 {[%clk
0:32:24]} Bd5 {[%clk 0:12:12]} 24. Rxd7 {[%clk 0:28:12]} Rxd7 {[%clk 0:12:23]}
25. exd5 {[%clk 0:20:58]} Bxa3 {[%clk 0:09:22]} 26. Nd4 {[%clk 0:19:32]} Bc5
{[%clk 0:07:43]} 27. dxe6 {[%clk 0:17:29]} fxe6 {[%clk 0:06:46]} 28. Bg4 {[%clk
0:14:47]} Qd6 {[%clk 0:06:18]} 29. Qe2 {[%clk 0:12:29]} Re8 {[%clk 0:06:10]}
30. Rd3 {[%clk 0:11:23]} Qb6 {[%clk 0:05:08]} 31. Qd2 {[%clk 0:07:47]} Rd6
{[%clk 0:04:23]} 32. Bf2 {[%clk 0:06:35]} Red8 {[%clk 0:03:47]} 33. Nb3 {[%clk
0:01:55]} Rxd3 {[%clk 0:03:02]} 34. cxd3 {[%clk 0:01:52]} Bxf2+ {[%clk
0:03:18]} 35. Qxf2 {[%clk 0:02:17]} Qxf2+ {[%clk 0:03:35]} 36. Kxf2 {[%clk
0:02:45]} Rxd3 {[%clk 0:02:28]} 37. Bxe6+ {[%clk 0:03:13]} Kf8 {[%clk 0:02:33]}
38. Ke2 {[%clk 0:03:31]} Rd6 {[%clk 0:02:14]} 39. f5 {[%clk 0:03:47]} Ke7
{[%clk 0:01:57]} 40. g4 {[%clk 0:02:26]} Kd8 {[%clk 0:01:33]} 41. g5 {[%clk
0:26:40]} Kc7 {[%clk 0:29:54]} 42. Bg8 {[%clk 0:24:19]} h6 {[%clk 0:29:37]} 43.
f6 {[%clk 0:21:35]} hxg5 {[%clk 0:23:02]} 44. f7 {[%clk 0:19:07]} Rf6 {[%clk
0:23:14]} 45. Nc5 {[%clk 0:13:57]} Kd8 {[%clk 0:22:13]} 46. Ne4 {[%clk
0:06:56]} Ke7 {[%clk 0:19:57]} 47. Nxg5 {[%clk 0:05:17]} a5 {[%clk 0:18:13]}
48. Ne4 {[%clk 0:03:55]} Rh6 {[%clk 0:17:06]} 49. Nc3 {[%clk 0:02:34]} Rxh2+
{[%clk 0:16:42]} 50. Kd3 {[%clk 0:02:08]} Rh3+ {[%clk 0:16:15]} 51. Kd4 {[%clk
0:02:33]} Rxc3 {[%clk 0:16:27]} 52. Kxc3 {[%clk 0:03:01]} g5 {[%clk 0:16:41]}
53. Kd4 {[%clk 0:02:02]} g4 {[%clk 0:15:57]} 54. Ke4 {[%clk 0:02:10]} a4 {[%clk
0:16:00]} 55. Kf4 {[%clk 0:02:00]} b4 {[%clk 0:14:08]} 56. f8=Q+ {[%clk
0:00:33]} Kxf8 {[%clk 0:14:33]} 57. Bc4 {[%clk 0:00:47]} Ke7 {[%clk 0:14:35]}
58. Kxg4 {[%clk 0:00:31]} Kd6 {[%clk 0:14:49]} 59. Kf4 {[%clk 0:00:34]} Kc5
{[%clk 0:15:07]} 60. Bb3 {[%clk 0:00:32]} axb3 {[%clk 0:15:20]} 61. Ke3 {[%clk
0:01:01]} b2 {[%clk 0:15:39]} 62. Kd4+ 0-1

[Event "DVM U16 2016"]
[Site "Neumarkt in der Oberpfalz GER"]
[Date "2016.12.27"]
[Round "1"]
[White "Roseneck, Jonas"]
[Black "Reindl, Arno"]
[Result "1/2-1/2"]
[Termination "normal"]
[Board "1.2"]
[WhiteElo "2094"]
[BlackElo "1854"]
[WhiteClock "00:04:58"]
[BlackClock "00:40:13"]
[WhiteTeam "SG Aufbau Elbe Magdeburg"]
[BlackTeam "SG Schwäbisch Gmünd"]
[PlyCount "121"]
[WhiteFideId "12939870"]
[BlackFideId "12946729"]
[EventCountry "GER"]
[EventRounds "7"]
[EventType "team-swiss"]
[EventDate "2016.12.26"]

1. e4 {[%clk 1:30:50]} c5 {[%clk 1:30:44]} 2. Nf3 {[%clk 1:30:52]} d6 {[%clk
1:31:06]} 3. d4 {[%clk 1:31:16]} cxd4 {[%clk 1:31:32]} 4. Nxd4 {[%clk 1:31:24]}
Nf6 {[%clk 1:32:00]} 5. Nc3 {[%clk 1:31:48]} g6 {[%clk 1:32:21]} 6. Be3 {[%clk
1:31:53]} Bg7 {[%clk 1:32:46]} 7. f3 {[%clk 1:32:19]} O-O {[%clk 1:33:10]} 8.
Qd2 {[%clk 1:32:45]} Nc6 {[%clk 1:33:34]} 9. g4 {[%clk 1:33:11]} Be6 {[%clk
1:33:59]} 10. Nxe6 {[%clk 1:33:09]} fxe6 {[%clk 1:34:28]} 11. O-O-O {[%clk
1:33:30]} Ne5 {[%clk 1:34:52]} 12. Be2 {[%clk 1:33:55]} Qc8 {[%clk 1:35:16]}
13. h4 {[%clk 1:31:36]} Nc4 {[%clk 1:35:41]} 14. Bxc4 {[%clk 1:26:57]} Qxc4
{[%clk 1:36:09]} 15. h5 {[%clk 1:16:11]} Nd7 {[%clk 1:36:37]} 16. hxg6 {[%clk
1:16:37]} hxg6 {[%clk 1:37:00]} 17. f4 {[%clk 1:14:51]} Bxc3 {[%clk 1:37:24]}
18. bxc3 {[%clk 1:15:18]} Qxa2 {[%clk 1:37:43]} 19. Qh2 {[%clk 1:15:46]} Kf7
{[%clk 1:38:03]} 20. Qh7+ {[%clk 1:16:13]} Ke8 {[%clk 1:38:31]} 21. e5 {[%clk
1:16:38]} dxe5 {[%clk 1:38:59]} 22. Qxg6+ {[%clk 1:12:32]} Kd8 {[%clk 1:39:16]}
23. Qd3 {[%clk 1:09:35]} Qa1+ {[%clk 1:39:39]} 24. Kd2 {[%clk 1:10:02]} Qa6
{[%clk 1:40:02]} 25. fxe5 {[%clk 1:09:13]} Qxd3+ {[%clk 1:36:37]} 26. cxd3
{[%clk 1:09:24]} Nxe5 {[%clk 1:36:48]} 27. g5 {[%clk 1:09:51]} Kd7 {[%clk
1:33:25]} 28. Ke2 {[%clk 1:07:39]} Ng4 {[%clk 1:22:18]} 29. Rb1 {[%clk
0:54:02]} Nxe3 {[%clk 1:10:04]} 30. Kxe3 {[%clk 0:54:15]} b6 {[%clk 1:10:21]}
31. Rhg1 {[%clk 0:44:37]} Rg8 {[%clk 1:06:36]} 32. g6 {[%clk 0:20:26]} Rac8
{[%clk 1:02:30]} 33. c4 {[%clk 0:17:01]} Rc5 {[%clk 0:57:35]} 34. Rbf1 {[%clk
0:10:10]} Rg7 {[%clk 0:55:24]} 35. Ke4 {[%clk 0:07:45]} Kd6 {[%clk 0:49:40]}
36. Rg2 {[%clk 0:05:34]} a5 {[%clk 0:40:10]} 37. Rf8 {[%clk 0:03:00]} Rh5
{[%clk 0:37:50]} 38. Rf1 {[%clk 0:01:44]} Rh6 {[%clk 0:26:37]} 39. Rb1 {[%clk
0:00:54]} Kc7 {[%clk 0:26:57]} 40. Rbg1 {[%clk 0:01:22]} Rh5 {[%clk 0:27:05]}
41. Kd4 {[%clk 0:25:52]} Rf5 {[%clk 0:44:54]} 42. Re2 {[%clk 0:22:14]} Rf6
{[%clk 0:44:31]} 43. Reg2 {[%clk 0:22:41]} Kd6 {[%clk 0:43:32]} 44. Rb1 {[%clk
0:22:31]} Kc6 {[%clk 0:39:45]} 45. Rgb2 {[%clk 0:22:40]} e5+ {[%clk 0:39:48]}
46. Kxe5 {[%clk 0:11:00]} Kc7 {[%clk 0:39:58]} 47. c5 Rgxg6 {[%clk 0:40:10]}
48. cxb6+ {[%clk 0:05:20]} Rxb6 {[%clk 0:40:20]} 49. Rxb6 {[%clk 0:05:47]} Rxb6
50. Ra1 Ra6 {[%clk 0:40:30]} 51. Kd5 {[%clk 0:04:17]} a4 {[%clk 0:40:41]} 52.
Kc5 {[%clk 0:04:15]} Rh6 {[%clk 0:38:13]} 53. Rxa4 {[%clk 0:04:28]} Rh5+ {[%clk
0:38:39]} 54. Kb4 {[%clk 0:04:47]} Kb6 {[%clk 0:38:30]} 55. Kc3 {[%clk
0:05:03]} Rc5+ {[%clk 0:38:43]} 56. Kd4 {[%clk 0:04:34]} Rh5 {[%clk 0:39:05]}
57. Ra8 {[%clk 0:04:58]} Kc6 {[%clk 0:39:16]} 58. Ra6+ {[%clk 0:05:19]} Kd7
{[%clk 0:39:38]} 59. Kc4 {[%clk 0:04:48]} Rh4+ {[%clk 0:39:47]} 60. Kc5 {[%clk
0:05:04]} Rh5+ {[%clk 0:40:13]} 61. Kc4 {[%clk 0:04:58]} 1/2-1/2

[Event "DVM U16 2016"]
[Site "Neumarkt in der Oberpfalz GER"]
[Date "2016.12.27"]
[Round "1"]
[White "Reindl, Knut"]
[Black "Wagner, Benjamin"]
[Result "1-0"]
[Termination "normal"]
[Board "1.3"]
[WhiteElo "1823"]
[BlackElo "1926"]
[WhiteClock "00:26:08"]
[BlackClock "00:18:27"]
[WhiteTeam "SG Schwäbisch Gmünd"]
[BlackTeam "SG Aufbau Elbe Magdeburg"]
[PlyCount "97"]
[WhiteFideId "12946753"]
[BlackFideId "12957330"]
[EventCountry "GER"]
[EventRounds "7"]
[EventType "team-swiss"]
[EventDate "2016.12.26"]

1. c4 {[%clk 1:30:57]} Nf6 {[%clk 1:30:59]} 2. Nf3 {[%clk 1:31:20]} g6 {[%clk
1:31:24]} 3. Nc3 {[%clk 1:31:41]} Bg7 {[%clk 1:31:48]} 4. g3 {[%clk 1:32:04]}
O-O {[%clk 1:32:02]} 5. Bg2 {[%clk 1:32:30]} d6 {[%clk 1:32:04]} 6. O-O {[%clk
1:32:33]} Nc6 {[%clk 1:31:19]} 7. Rb1 {[%clk 1:20:25]} e5 {[%clk 1:27:39]} 8.
d3 {[%clk 1:14:42]} Be6 {[%clk 1:18:53]} 9. b4 {[%clk 1:05:09]} Qc8 {[%clk
1:16:04]} 10. b5 {[%clk 0:59:29]} Ne7 {[%clk 1:13:19]} 11. Ba3 {[%clk 0:42:49]}
Bh3 {[%clk 1:09:00]} 12. c5 {[%clk 0:37:51]} Bxg2 {[%clk 1:07:41]} 13. Kxg2
{[%clk 0:38:15]} Qe6 {[%clk 1:06:40]} 14. cxd6 {[%clk 0:31:57]} cxd6 {[%clk
1:06:53]} 15. Qb3 {[%clk 0:31:22]} Qd7 {[%clk 0:58:32]} 16. Rfd1 {[%clk
0:25:55]} Rfd8 {[%clk 0:56:06]} 17. Ne4 {[%clk 0:21:52]} Ne8 {[%clk 0:50:19]}
18. Nc3 {[%clk 0:14:44]} Rac8 {[%clk 0:42:31]} 19. e4 {[%clk 0:14:09]} b6
{[%clk 0:35:41]} 20. Rbc1 {[%clk 0:12:10]} Nc7 {[%clk 0:34:29]} 21. h4 {[%clk
0:11:05]} Ne6 {[%clk 0:33:22]} 22. Ne2 {[%clk 0:09:48]} Bh6 {[%clk 0:33:00]}
23. Rxc8 {[%clk 0:09:47]} Rxc8 {[%clk 0:33:11]} 24. d4 {[%clk 0:08:53]} exd4
{[%clk 0:28:09]} 25. Nfxd4 {[%clk 0:08:25]} Nc5 {[%clk 0:27:42]} 26. Bxc5
{[%clk 0:07:03]} bxc5 {[%clk 0:27:01]} 27. Nc2 {[%clk 0:06:07]} Rb8 {[%clk
0:24:43]} 28. a4 {[%clk 0:05:59]} a6 {[%clk 0:23:26]} 29. Nc3 {[%clk 0:05:08]}
Bg7 {[%clk 0:23:28]} 30. Na3 {[%clk 0:04:12]} Nc8 {[%clk 0:18:28]} 31. Nd5
{[%clk 0:03:47]} Qe6 {[%clk 0:15:45]} 32. Qd3 {[%clk 0:03:55]} Bd4 {[%clk
0:14:50]} 33. Nc2 {[%clk 0:03:28]} axb5 {[%clk 0:14:08]} 34. Nxd4 {[%clk
0:03:35]} cxd4 {[%clk 0:14:29]} 35. axb5 {[%clk 0:01:52]} Ne7 {[%clk 0:12:57]}
36. Qxd4 {[%clk 0:01:44]} Nxd5 {[%clk 0:12:27]} 37. Qxd5 {[%clk 0:02:13]} Qe8
{[%clk 0:11:29]} 38. Qc6 {[%clk 0:01:48]} Qe5 {[%clk 0:10:24]} 39. b6 {[%clk
0:01:05]} d5 {[%clk 0:06:32]} 40. exd5 {[%clk 0:00:44]} Qe4+ {[%clk 0:05:24]}
41. Kg1 {[%clk 0:00:33]} Qb4 {[%clk 0:27:25]} 42. d6 {[%clk 0:27:43]} Qb3
{[%clk 0:27:03]} 43. Rc1 {[%clk 0:26:58]} Kg7 {[%clk 0:19:25]} 44. d7 {[%clk
0:24:18]} Rxb6 {[%clk 0:17:40]} 45. d8=Q {[%clk 0:24:27]} Rxc6 {[%clk 0:18:01]}
46. Rxc6 {[%clk 0:24:53]} Qb1+ {[%clk 0:18:20]} 47. Kh2 {[%clk 0:25:19]} Qe4
{[%clk 0:18:09]} 48. Qf6+ {[%clk 0:25:40]} Kh6 {[%clk 0:18:27]} 49. Qf4+ {[%clk
0:26:08]} 1-0

[Event "DVM U16 2016"]
[Site "Neumarkt in der Oberpfalz GER"]
[Date "2016.12.27"]
[Round "1"]
[White "Hoffmann, Lennard"]
[Black "Reindl, Jork"]
[Result "1/2-1/2"]
[Termination "normal"]
[Board "1.4"]
[WhiteElo "1938"]
[BlackElo "1472"]
[WhiteClock "00:06:27"]
[BlackClock "01:11:23"]
[WhiteTeam "SG Aufbau Elbe Magdeburg"]
[BlackTeam "SG Schwäbisch Gmünd"]
[PlyCount "78"]
[WhiteFideId "12943495"]
[BlackFideId "16200152"]
[EventCountry "GER"]
[EventRounds "7"]
[EventType "team-swiss"]
[EventDate "2016.12.26"]

1. e4 {[%emt 0:00:00]} e6 2. d4 d5 3. Nc3 Bb4 4. e5 Ne7 5. a3 Bxc3+ 6. bxc3 Ng6
7. Bd3 O-O 8. Nf3 c5 9. h4 c4 10. h5 Nh8 11. h6 g6 12. Be2 f5 13. Bg5 Qc7 14.
Qd2 Nd7 15. Be7 Re8 16. Bd6 Qd8 17. Ng5 Nf7 18. Nxf7 Kxf7 19. Bf3 Nb6 20. Ke2
Kg8 21. Rag1 Bd7 22. g4 Bc6 23. Kf1 Nc8 24. gxf5 exf5 25. Qf4 Nxd6 26. exd6 Re6
27. Qxf5 Qxd6 28. Qg5 Rf8 29. Rg3 Ref6 30. Kg2 Rf5 31. Qc1 Qf6 32. Qd1 Ba4 33.
Rhh3 Bd7 34. Rh1 Ba4 35. Rhh3 Bd7 36. Rh2 Ba4 37. Qe2 Re8 38. Qd1 Rf8 39. Rhh3
Bd7 1/2-1/2

[Event "DVM U16 2016"]
[Site "Neumarkt in der Oberpfalz GER"]
[Date "2016.12.27"]
[Round "1"]
[White "Ovsepyan, Arshak"]
[Black "Joeres, Stefan"]
[Result "1-0"]
[Termination "normal"]
[Board "2.1"]
[WhiteElo "2205"]
[BlackElo "1918"]
[WhiteClock "00:48:14"]
[BlackClock "00:17:50"]
[WhiteTeam "SK Gräfelfing"]
[BlackTeam "Karlsruher SF"]
[PlyCount "65"]
[WhiteFideId "24690236"]
[BlackFideId "12983160"]
[EventCountry "GER"]
[EventRounds "7"]
[EventType "team-swiss"]
[EventDate "2016.12.26"]

1. d4 {[%clk 1:30:42]} d5 {[%clk 1:30:32]} 2. c4 {[%clk 1:31:04]} e6 {[%clk
1:30:56]} 3. Nc3 {[%clk 1:31:24]} Nf6 {[%clk 1:31:23]} 4. Nf3 {[%clk 1:31:36]}
Be7 {[%clk 1:31:31]} 5. Bf4 {[%clk 1:31:59]} c6 {[%clk 1:30:55]} 6. c5 {[%clk
1:29:24]} b6 {[%clk 1:29:43]} 7. b4 {[%clk 1:28:41]} bxc5 {[%clk 1:25:11]} 8.
bxc5 {[%clk 1:29:04]} Qa5 {[%clk 1:25:26]} 9. Bd2 {[%clk 1:24:06]} Qc7 {[%clk
1:23:33]} 10. g3 {[%clk 1:22:41]} Nbd7 {[%clk 1:23:04]} 11. Qa4 {[%clk
1:22:35]} e5 {[%clk 1:20:00]} 12. Nxe5 {[%clk 1:19:06]} Nxe5 {[%clk 1:19:49]}
13. Bf4 {[%clk 1:19:26]} Nfd7 {[%clk 1:12:53]} 14. Bxe5 {[%clk 1:19:25]} Nxe5
{[%clk 1:13:10]} 15. Nxd5 {[%clk 1:19:48]} Qd7 {[%clk 1:11:43]} 16. Nxe7 {[%clk
1:07:04]} Qxe7 {[%clk 1:11:59]} 17. Bg2 {[%clk 1:06:55]} Nd7 {[%clk 1:10:12]}
18. Bxc6 {[%clk 1:06:42]} Rb8 {[%clk 1:10:38]} 19. Qxa7 {[%clk 1:07:02]} Rb2
{[%clk 1:10:31]} 20. Bf3 {[%clk 1:06:49]} O-O {[%clk 1:03:07]} 21. O-O {[%clk
1:06:01]} Qg5 {[%clk 0:56:40]} 22. Rfd1 {[%clk 1:00:32]} Nf6 {[%clk 0:51:54]}
23. Qa3 {[%clk 0:58:09]} Rb8 {[%clk 0:48:16]} 24. d5 {[%clk 0:54:01]} Bg4
{[%clk 0:44:23]} 25. c6 {[%clk 0:54:01]} Bxf3 {[%clk 0:42:40]} 26. Qxf3 {[%clk
0:54:18]} Qe5 {[%clk 0:43:06]} 27. d6 {[%clk 0:53:48]} Rbd8 {[%clk 0:41:23]}
28. Qf4 {[%clk 0:52:34]} Qxe2 {[%clk 0:35:52]} 29. d7 {[%clk 0:51:00]} Qb5
{[%clk 0:35:35]} 30. Qd6 {[%clk 0:49:38]} Qa6 {[%clk 0:30:52]} 31. Rac1 {[%clk
0:49:25]} Qxa2 {[%clk 0:19:31]} 32. c7 {[%clk 0:47:50]} Rxd7 {[%clk 0:17:50]}
33. Qxf8+ {[%clk 0:48:14]} 1-0

[Event "DVM U16 2016"]
[Site "Neumarkt in der Oberpfalz GER"]
[Date "2016.12.27"]
[Round "1"]
[White "Wiesner, Alexander"]
[Black "von Schlippe, Nikolai"]
[Result "0-1"]
[Termination "normal"]
[Board "2.2"]
[WhiteElo "1989"]
[BlackElo "2114"]
[WhiteClock "00:06:20"]
[BlackClock "00:42:46"]
[WhiteTeam "Karlsruher SF"]
[BlackTeam "SK Gräfelfing"]
[PlyCount "64"]
[WhiteFideId "12943991"]
[BlackFideId "12928135"]
[EventCountry "GER"]
[EventRounds "7"]
[EventType "team-swiss"]
[EventDate "2016.12.26"]

1. d4 {[%clk 1:30:43]} Nf6 {[%clk 1:30:54]} 2. c4 {[%clk 1:31:08]} g6 {[%clk
1:30:57]} 3. Nc3 {[%clk 1:31:29]} Bg7 {[%clk 1:31:19]} 4. e4 {[%clk 1:31:54]}
d6 {[%clk 1:31:20]} 5. f3 {[%clk 1:31:41]} O-O {[%clk 1:27:59]} 6. Be3 {[%clk
1:31:44]} e5 {[%clk 1:25:25]} 7. d5 {[%clk 1:32:06]} a5 {[%clk 1:22:15]} 8. Qd2
{[%clk 1:28:58]} Na6 {[%clk 1:15:52]} 9. Bh6 {[%clk 1:24:31]} Nxe4 {[%clk
1:14:54]} 10. Nxe4 {[%clk 1:12:43]} Qh4+ {[%clk 1:15:08]} 11. g3 {[%clk
1:12:36]} Qxh6 {[%clk 1:15:17]} 12. Qe2 {[%clk 0:55:52]} f5 {[%clk 1:13:19]}
13. Nf2 {[%clk 0:55:15]} Nc5 {[%clk 1:08:44]} 14. h4 {[%clk 0:53:18]} e4 {[%clk
1:06:13]} 15. f4 {[%clk 0:49:19]} Bd4 {[%clk 1:04:17]} 16. h5 {[%clk 0:37:16]}
Bd7 {[%clk 0:58:25]} 17. O-O-O {[%clk 0:31:17]} Qg7 {[%clk 0:57:13]} 18. Re1
{[%clk 0:28:57]} a4 {[%clk 0:56:56]} 19. hxg6 {[%clk 0:28:24]} hxg6 {[%clk
0:56:39]} 20. a3 {[%clk 0:27:48]} b5 {[%clk 0:52:08]} 21. Qc2 {[%clk 0:20:10]}
Rfb8 {[%clk 0:45:54]} 22. Nd1 {[%clk 0:20:05]} bxc4 {[%clk 0:44:02]} 23. Bxc4
{[%clk 0:19:55]} Bb5 {[%clk 0:44:10]} 24. Bxb5 Rxb5 {[%clk 0:44:24]} 25. Re2
{[%clk 0:12:48]} Rab8 {[%clk 0:42:46]} 26. Reh2 {[%clk 0:09:36]} Nd3+ {[%clk
0:41:44]} 27. Kd2 {[%clk 0:07:56]} Rxb2 {[%clk 0:41:52]} 28. Nxb2 {[%clk
0:07:28]} Rxb2 {[%clk 0:42:16]} 29. Ne2 {[%clk 0:06:17]} Be3+ {[%clk 0:42:04]}
30. Kd1 {[%clk 0:05:33]} Rxc2 {[%clk 0:42:22]} 31. Kxc2 {[%clk 0:05:57]} Qb2+
{[%clk 0:42:46]} 32. Kd1 {[%clk 0:06:20]} Qd2# 0-1

[Event "DVM U16 2016"]
[Site "Neumarkt in der Oberpfalz GER"]
[Date "2016.12.27"]
[Round "1"]
[White "Yaroshenko, Yaroslav"]
[Black "Wegmer, Leon"]
[Result "1-0"]
[Termination "normal"]
[Board "2.3"]
[WhiteElo "1684"]
[BlackElo "1511"]
[WhiteClock "00:07:00"]
[BlackClock "00:44:38"]
[WhiteTeam "SK Gräfelfing"]
[BlackTeam "Karlsruher SF"]
[PlyCount "67"]
[WhiteFideId "16204905"]
[BlackFideId "12983748"]
[EventCountry "GER"]
[EventRounds "7"]
[EventType "team-swiss"]
[EventDate "2016.12.26"]

1. d4 {[%clk 1:30:57]} Nf6 {[%clk 1:30:58]} 2. c4 {[%clk 1:31:20]} e6 {[%clk
1:31:27]} 3. Nc3 {[%clk 1:31:14]} Bb4 {[%clk 1:31:52]} 4. e3 {[%clk 1:30:22]}
O-O {[%clk 1:31:24]} 5. Bd3 {[%clk 1:30:08]} b6 {[%clk 1:30:17]} 6. Nf3 {[%clk
1:26:20]} Bxc3+ {[%clk 1:28:15]} 7. bxc3 {[%clk 1:26:15]} Bb7 {[%clk 1:28:22]}
8. O-O {[%clk 1:23:44]} d6 {[%clk 1:26:29]} 9. Qe2 {[%clk 1:22:45]} Nbd7 {[%clk
1:24:50]} 10. e4 {[%clk 1:14:46]} e5 {[%clk 1:19:50]} 11. d5 {[%clk 1:10:25]}
c6 {[%clk 1:17:06]} 12. Bg5 {[%clk 1:03:08]} h6 {[%clk 1:15:42]} 13. Bd2 {[%clk
1:01:57]} Nc5 {[%clk 1:13:52]} 14. Ne1 {[%clk 1:00:22]} Ba6 {[%clk 1:06:23]}
15. f4 {[%clk 0:45:14]} Nxd3 {[%clk 1:04:25]} 16. Nxd3 {[%clk 0:36:16]} Bxc4
{[%clk 1:03:45]} 17. fxe5 {[%clk 0:35:20]} dxe5 {[%clk 1:02:55]} 18. Rxf6
{[%clk 0:32:23]} Qxf6 {[%clk 1:01:04]} 19. Rf1 {[%clk 0:32:34]} Qd6 {[%clk
1:00:24]} 20. Rf3 {[%clk 0:28:58]} f5 {[%clk 0:57:51]} 21. exf5 {[%clk
0:23:59]} e4 {[%clk 0:57:25]} 22. Rg3 {[%clk 0:22:44]} Bxd3 {[%clk 0:55:06]}
23. Qh5 {[%clk 0:19:48]} Rf6 {[%clk 0:52:53]} 24. Qg4 {[%clk 0:17:54]} Qe7
{[%clk 0:50:36]} 25. Bf4 {[%clk 0:16:49]} e3 {[%clk 0:47:45]} 26. Rxe3 {[%clk
0:16:49]} Qc5 {[%clk 0:46:09]} 27. Kh1 Bxf5 {[%clk 0:45:20]} 28. Qe2 {[%clk
0:10:15]} Bg4 {[%clk 0:44:46]} 29. Qxg4 {[%clk 0:09:46]} Qxe3 {[%clk 0:44:40]}
30. Bxe3 {[%clk 0:10:08]} Re8 {[%clk 0:44:08]} 31. Bg1 {[%clk 0:09:21]} Rf1
{[%clk 0:44:15]} 32. dxc6 {[%clk 0:08:53]} Ree1 {[%clk 0:44:24]} 33. Qc4+
{[%clk 0:06:40]} Kf8 {[%clk 0:44:38]} 34. Qxf1+ {[%clk 0:07:00]} 1-0

[Event "DVM U16 2016"]
[Site "Neumarkt in der Oberpfalz GER"]
[Date "2016.12.27"]
[Round "1"]
[White "Kokschenev, Michael"]
[Black "Khamenya, Vitalia"]
[Result "0-1"]
[Termination "normal"]
[Board "2.4"]
[WhiteElo "1363"]
[BlackElo "1562"]
[WhiteClock "00:28:37"]
[BlackClock "00:16:54"]
[WhiteTeam "Karlsruher SF"]
[BlackTeam "SK Gräfelfing"]
[PlyCount "48"]
[WhiteFideId "12983721"]
[BlackFideId "12959260"]
[EventCountry "GER"]
[EventRounds "7"]
[EventType "team-swiss"]
[EventDate "2016.12.26"]

1. e4 {[%clk 1:30:58]} d5 {[%clk 1:31:16]} 2. exd5 {[%clk 1:31:10]} Qxd5 {[%clk
1:31:44]} 3. Nc3 {[%clk 1:31:28]} Qd6 {[%clk 1:32:10]} 4. Nf3 {[%clk 1:31:18]}
Nf6 {[%clk 1:32:07]} 5. Bc4 {[%clk 1:30:06]} a6 {[%clk 1:31:44]} 6. a3 {[%clk
1:28:07]} b5 {[%clk 1:31:57]} 7. Bb3 {[%clk 1:26:11]} Bb7 {[%clk 1:25:22]} 8.
d3 {[%clk 1:24:21]} Nbd7 {[%clk 1:25:06]} 9. Bd2 {[%clk 1:20:57]} Ne5 {[%clk
1:14:57]} 10. Qe2 {[%clk 1:11:39]} Nxf3+ {[%clk 1:12:30]} 11. gxf3 {[%clk
1:11:59]} g6 {[%clk 1:03:13]} 12. Ne4 {[%clk 1:10:04]} Nxe4 {[%clk 0:57:16]}
13. fxe4 {[%clk 1:10:07]} Bg7 {[%clk 0:55:41]} 14. O-O-O {[%clk 1:05:08]} a5
{[%clk 0:48:06]} 15. Kb1 {[%clk 0:53:14]} b4 {[%clk 0:42:50]} 16. Ka2 {[%clk
0:45:17]} a4 {[%clk 0:30:50]} 17. Bc4 {[%clk 0:41:22]} bxa3 {[%clk 0:23:10]}
18. bxa3 {[%clk 0:39:40]} O-O {[%clk 0:21:44]} 19. Rb1 {[%clk 0:39:11]} Rfb8
{[%clk 0:21:32]} 20. Rb4 {[%clk 0:32:54]} c5 {[%clk 0:20:21]} 21. Rbb1 {[%clk
0:31:56]} Bc6 {[%clk 0:17:27]} 22. f3 {[%clk 0:30:04]} Qe5 {[%clk 0:17:06]} 23.
f4 {[%clk 0:28:37]} Qa1+ {[%clk 0:16:54]} 24. Rxa1 {[%clk 0:28:37]} Rb2# 0-1

[Event "DVM U16 2016"]
[Site "Neumarkt in der Oberpfalz GER"]
[Date "2016.12.27"]
[Round "1"]
[White "Färber, David"]
[Black "Schilay, Lorenz"]
[Result "1-0"]
[Termination "normal"]
[Board "3.1"]
[WhiteElo "2159"]
[BlackElo "1840"]
[WhiteTeam "SV Walldorf"]
[BlackTeam "SK Neumarkt"]
[PlyCount "41"]
[WhiteFideId "12971294"]
[BlackFideId "12930180"]
[EventCountry "GER"]
[EventRounds "7"]
[EventType "team-swiss"]
[EventDate "2016.12.26"]

1. e4 e5 2. Nf3 Nc6 3. Bb5 Bc5 4. c3 Qf6 5. d4 exd4 6. e5 Qg6 7. cxd4 Bb4+ 8.
Nc3 Nge7 9. O-O Bxc3 10. bxc3 O-O 11. Ba3 Re8 12. Re1 Nd5 13. Qd2 b6 14. c4
Nde7 15. d5 Na5 16. e6 c6 17. Ne5 Qf5 18. exf7+ Kf8 19. fxe8=Q+ Kxe8 20. Bxe7
cxb5 21. Bd6 1-0

[Event "DVM U16 2016"]
[Site "Neumarkt in der Oberpfalz GER"]
[Date "2016.12.27"]
[Round "1"]
[White "Neppert, Paul"]
[Black "Hartmann, Cora"]
[Result "0-1"]
[Termination "normal"]
[Board "3.2"]
[WhiteElo "1511"]
[BlackElo "1856"]
[WhiteTeam "SK Neumarkt"]
[BlackTeam "SV Walldorf"]
[PlyCount "72"]
[WhiteFideId "16219414"]
[BlackFideId "16200764"]
[EventCountry "GER"]
[EventRounds "7"]
[EventType "team-swiss"]
[EventDate "2016.12.26"]

1. e4 d5 2. exd5 Qxd5 3. Nc3 Qa5 4. d4 c6 5. Bd2 Nf6 6. Nf3 Bf5 7. Ne4 Qb6 8.
Ng3 Bg6 9. Bc4 e6 10. h4 h6 11. Ne5 Bh7 12. Bc3 Nbd7 13. Qe2 Nxe5 14. dxe5 Nd5
15. O-O Nxc3 16. bxc3 Qa5 17. Rab1 Rb8 18. Qd2 Qxe5 19. Rbd1 Qc7 20. Qe2 Be7
21. Nh5 O-O 22. Qg4 Bg6 23. Ng3 Qe5 24. Rfe1 h5 25. Qh3 Qf6 26. Re3 Qxh4 27.
Qxh4 Bxh4 28. Rd7 Rfd8 29. Rxd8+ Rxd8 30. Bd3 Bxd3 31. cxd3 g6 32. Ne4 Be7 33.
Kf1 Kg7 34. Ke2 Rd5 35. c4 Ra5 36. Nc3 Bb4  0-1